000 00362nam a2200133Ia 4500
008 240624s9999 xx 000 0 und d
041 _aeng
082 _a658.84 JON
100 _aLUENGO JONES STEVE
245 _aALL TO ONE THE WINNING MODEL FOR MARKETI
260 _c2001
_aLondon
_bMcGraw-Hill Companies
300 _axvii, : 278 : p. : cm. ; 23
365 _c
_b35
999 _c7507
_d7507